Drets de les persones consumidores davant la compra o el lloguer d'un habitatge : guia / coordinació: Àrea de Salut Pública i Consum guia / coordinació:
Publicado:
Barcelona :
Diputació de Barcelona. Àrea de Salut Pública i Consum. Servei de Suport a les Polítiques de Consum ,
2008
Descripción Física:
72 p. ; 29 cm
MARC
| LEADER | 00000nam a2200000Ia 4500 | ||
|---|---|---|---|
| 001 | 21224 | ||
| 008 | 160829s2008 xx 000 0 cat d | ||
| 080 | |a C-3-169 | ||
| 245 | |a Drets de les persones consumidores davant la compra o el lloguer d'un habitatge : |b guia / coordinació: |b Àrea de Salut Pública i Consum | ||
| 260 | |a Barcelona : |b Diputació de Barcelona. Àrea de Salut Pública i Consum. Servei de Suport a les Polítiques de Consum, |c 2008 | ||
| 300 | |a 72 p. ; |c 29 cm | ||
| 650 | |a Habitatge |x Compra |x Manuals, guies, etc. |9 45187 | ||
| 650 | |a Habitatge de lloguer |x Manuals, guies, etc. |9 45188 | ||
| 710 | |a Barcelona (Catalunya : Província). |b Àrea de Salut Pública i Consum |9 7348 | ||
| 710 | 1 | |a Barcelona (Catalunya : Província). |b Servei de Suport a les Polítiques de Consum |9 52739 | |
| 901 | |a Arxiu | ||
| 942 | |n 1 | ||
| 952 | |0 0 |1 0 |4 0 |6 C3169 |7 1 |9 52422 |a Arxiu |b Arxiu |d 2016-12-01 |l 0 |o C-3-169 |p 21224 |r 2016-12-01 00:00:00 |w 2016-12-01 |y ARXIU | ||
| 999 | |c 56270 |d 56270 | ||